|
|
|
|
| LEADER |
00000nam a22000007a 4500 |
| 005 |
20170319220538.0 |
| 007 |
cr|||| |||| |
| 008 |
170319s2017 es |||||s|||| 00||0 spa d |
| 035 |
|
|
|a 14884
|
| 040 |
|
|
|a vLex
|
| 090 |
|
|
|c 6616
|d 6616
|
| 100 |
1 |
|
|a Martn̕ez Atienza, Gorgonio
|
| 245 |
1 |
0 |
|a Cd̤igo Penal
|h [Recurso electrn̤ico] :
|b Estudio Sistematizado /
|c Gorgonio Martn̕ez Atienza
|
| 256 |
|
|
|a Servicio en ln̕ea
|
| 260 |
|
|
|a Barcelona:
|b Editorial vLex,
|c 2017
|
| 300 |
|
|
|a 1 recurso electrn̤ico
|
| 500 |
|
|
|a Cd̤igo Penal. Estudio Sistematizado - Doctrina, Jurisprudencia, Acuerdos de la Sala Segunda del Tribunal Supremo, Circulares, Instrucciones y Consultas, Concordancias
|
| 506 |
1 |
|
|a Disponible solo en los productos indicados
|d vLex Global
|d vLex Global (Academic Edition, excluding Law Schools)
|d vLex Global (U.S. Academic Edition, Law Schools)
|d vLex Global (U.S. Academic Edition, excluding Law Schools)
|d vLex Global (Academic Edition, Law Schools)
|
| 650 |
0 |
4 |
|a Derecho Penal
|z Espaą
|
| 740 |
0 |
|
|a vLex Libros (Servicio en ln̕ea)
|
| 856 |
4 |
0 |
|u http://vlex.com/source/codigo-penal-estudio-sistematizado-14884
|z Acceso restringido
|
| 942 |
|
|
|c BOOK
|
| 999 |
0 |
|
|a Criminal law
|